The k p Method Electronic Properties of Semiconductors /

This book presents a detailed exposition of the formalism and application of k.p theory for both bulk and nanostructured semiconductors. For bulk crystals, this is the first time all the major techniques for deriving the most popular Hamiltonians have been provided in one place. For nanostructures,...

Full description

Bibliographic Details
Main Authors: Willatzen, Morten (Author), Lew Yan Voon, Lok C. (Author)
Corporate Author: SpringerLink (Online service)
Format: Electronic eBook
Language:English
Published: Berlin, Heidelberg : Springer Berlin Heidelberg, 2009.
Subjects:
Online Access:Full Text via HEAL-Link
LEADER 02765nam a22005295i 4500
001 978-3-540-92872-0
003 DE-He213
005 20151204184245.0
007 cr nn 008mamaa
008 100301s2009 gw | s |||| 0|eng d
020 |a 9783540928720  |9 978-3-540-92872-0 
024 7 |a 10.1007/978-3-540-92872-0  |2 doi 
040 |d GrThAP 
050 4 |a QC173.45-173.458 
072 7 |a PHF  |2 bicssc 
072 7 |a SCI077000  |2 bisacsh 
082 0 4 |a 530.41  |2 23 
100 1 |a Willatzen, Morten.  |e author. 
245 1 4 |a The k p Method  |h [electronic resource] :  |b Electronic Properties of Semiconductors /  |c by Morten Willatzen, Lok C. Lew Yan Voon. 
264 1 |a Berlin, Heidelberg :  |b Springer Berlin Heidelberg,  |c 2009. 
300 |a XI, 445 p. 50 illus.  |b online resource. 
336 |a text  |b txt  |2 rdacontent 
337 |a computer  |b c  |2 rdamedia 
338 |a online resource  |b cr  |2 rdacarrier 
347 |a text file  |b PDF  |2 rda 
505 0 |a I Homogeneous Crystals -- One-Band Model -- Perturbation Theory#x2014;Valence Band -- Perturbation Theory #x2013; Kane Models -- Method of Invariants -- Spin Splitting -- Strain -- II Nonperiodic Problem -- Shallow Impurity States -- Magnetic Effects -- Electric Field -- Excitons -- Heterostructures: Basic Formalism -- Heterostructures: Further Topics -- Conclusion. 
520 |a This book presents a detailed exposition of the formalism and application of k.p theory for both bulk and nanostructured semiconductors. For bulk crystals, this is the first time all the major techniques for deriving the most popular Hamiltonians have been provided in one place. For nanostructures, this is the first time the Burt-Foreman theory has been made accessible. Thus, the reader will gain a clear understanding of the k.p method, will have an explicit listing of the various Hamiltonians in a consistent notation for their use, and a set of representative results. In addition, the reader can derive an excellent understanding of the electronic structure of semiconductors. 
650 0 |a Physics. 
650 0 |a Physical chemistry. 
650 0 |a Condensed matter. 
650 0 |a Solid state physics. 
650 0 |a Spectroscopy. 
650 0 |a Microscopy. 
650 0 |a Nanotechnology. 
650 1 4 |a Physics. 
650 2 4 |a Condensed Matter Physics. 
650 2 4 |a Solid State Physics. 
650 2 4 |a Spectroscopy and Microscopy. 
650 2 4 |a Physical Chemistry. 
650 2 4 |a Nanotechnology. 
700 1 |a Lew Yan Voon, Lok C.  |e author. 
710 2 |a SpringerLink (Online service) 
773 0 |t Springer eBooks 
776 0 8 |i Printed edition:  |z 9783540928713 
856 4 0 |u http://dx.doi.org/10.1007/978-3-540-92872-0  |z Full Text via HEAL-Link 
912 |a ZDB-2-PHA 
950 |a Physics and Astronomy (Springer-11651)